General Culture- 10- True or false - Statistiques

Statistiques générales
  • Ce quiz a été pris 138 fois
  • Le résultat moyen est 6 sur 10
Statistiques - réponses
Question Réponse % Correct
A woman has walked on the Moon. False
78%
Vietnamese is an official language in Canada. False
78%
According to Scottish law, it is illegal to be drunk in charge of a cow. True
76%
An emu can fly. False
73%
There are McDonald’s one every continent except one. True
73%
The can-opener was not invented until 45 years after the tin can. True
71%
President Theodore Roosevelt's son was called Kermit. True
59%
The setting for the ITV drama Midsomer Murders is a fictional English county called Midsomer. True
47%
The Channel Tunnel is the longest rail tunnel in the world. False
45%
Edinburgh is further East than Carlisle. False
45%
Aucun quiz correspondant
Distribution des résultats
% des personnes avec chaque résultat
Percentile par nombre de réponses
Votre historique - résultats
Vous n’avez pas pris ce quiz